000 01312cam a22002054a 4500
005 20250605163215.0
008 250528s ||||||||||||||||||||||||d
035 _a14491
020 _a9607019482
040 _aGR-AtMCL
_bgre
_dGR-AtMCL
_eAACR2
245 1 _aΓνωστική Ανάπτυξη / Β' Έκδοση
250 _a
260 _bΕλληνικά Γράμματα,
_c1995
300 _a184
520 _aΣτο παρόν βιβλίο ο συγγραφέας ερευνά το τεράστιου ενδιαφέροντος θέμα της επίδρασης των κοινωνικών παραγόντων πάνω στη γνωστική εξέλιξη, δηλαδή στην αντίληψη, την αφαιρετική σκέψη, τη λογική αξιολόγηση, τη φαντασία, κ.λπ. Πρόλογος στην Ελληνική Έκδοση, Το Πρόβλημα, Η Αντίληψη, Γενίκευση και Αφαίρεση, Παραγωγική Σκέψη και Συμπερασμός, Διαλογιστική και Λύση Προβλημάτων, Φαντασία, Αυτοανάλυση και Αυτογνωσία, Συμπεράσματα, Βιβλιογραφία.
700 1 _aΛουρία Α. Ρ
942 _cBK
999 _c120
_d120